000 00309nam a22001337a 4500
008 171024b xxu||||| |||| 00| 0 eng d
020 _a0534353738
041 _aeng
080 _24 ED
_a311
100 _a55
101 _aSTA
245 _aSTATISTICAL THINKING FOR MANAGERS
_cDAVID.K.H
942 _2udc
_cBK
999 _c35656
_d35656